000 00433ntaaa2200181 4500
003 01
005 20251027201748.0
008 0714s1973 ag 01
040 _aAR-BaBN
_bspa
_cAR-BaBN
_eaacr
_dRIC
082 _a240.0000 H87
100 _aHuegel, Federico
_916150
245 _aLuces sobre el sendero
250 _a1 ed.
260 _aBuenos Aires :
_bAurora,
_cc1948
300 _a238 p
650 _avida cristiana
942 _cBK
999 _c12303
_d12303